Official Presidential Portraits - Statistics

General Stats
  • This quiz has been taken 25 times
  • The average score is 32 of 42
Answer Stats
Picture Answer % Correct
George W. Bush
100%
Jimmy Carter
100%
John F. Kennedy
100%
Richard Nixon
100%
Ronald Reagan
100%
Dwight Eisenhower
95%
George H. W. Bush
95%
Harry S. Truman
95%
Thomas Jefferson
95%
Abraham Lincoln
90%
George Washington
90%
William H. Taft
90%
Andrew Jackson
86%
Calvin Coolidge
86%
Theodore Roosevelt
86%
Woodrow Wilson
86%
Bill Clinton
81%
Franklin D. Roosevelt
81%
Gerald Ford
81%
Lyndon B. Johnson
81%
Ulysses S. Grant
81%
Grover Cleveland
76%
Herbert Hoover
76%
William Henry Harrison
76%
James Monroe
71%
William McKinley
71%
Zachary Taylor
71%
James A. Garfield
67%
James Buchanan
67%
John Adams
67%
Andrew Johnson
62%
James Madison
62%
John Quincy Adams
62%
Martin Van Buren
62%
James K. Polk
57%
Millard Fillmore
57%
Rutherford B. Hayes
57%
Benjamin Harrison
52%
John Tyler
52%
Chester A. Arthur
48%
Franklin Pierce
48%
Warren G. Harding
48%
No matching quizzes found
Score Distribution
Percent of People with Each Score
Percentile by Number Answered
Your Score History
You have not taken this quiz